| 000 | 01259nam a22003017a 4500 | ||
|---|---|---|---|
| 001 | BRCA_9187 | ||
| 003 | FranzMayer | ||
| 005 | 20220809132444.0 | ||
| 008 | 220705b |||||||| |||| 00| 0 spa d | ||
| 020 | _a9788496763906 | ||
| 040 |
_bspa _cMFM |
||
| 041 | _aspa | ||
| 050 |
_aN5077.B5 _bZ95 2019 |
||
| 245 |
_aZuloaga : _b1870-1945 |
||
| 260 |
_aBilbao, España _bBilboko Arte Ederren Museoa-Museo de Bellas Artes de Bilbao _c2019 |
||
| 300 |
_a322 p. : _bil. y fot. ; _c23.5 x 30.5 |
||
| 500 | _aUbicación: L59-N5 | ||
| 500 | _aIncluye imágenes de la Colección Franz Mayer (p. 179 y 217) | ||
| 504 | _aSumario: p.13 | ||
| 505 | 2 |
_tZuloaga antes de Zuloaga (1870-1898) / _rMikel Lertxundi Galiana |
|
| 505 | 2 |
_tZuloaga (1898-1924) / _rMikel Lertxundi Galiana y Javier Novo González |
|
| 505 | 2 |
_tZuloaga después de Zuloaga (1925-1945) _rJavier Novo González |
|
| 520 | _aCatálogo de la exposición "Zuloaga: 1870-1945" realizada en el Museo de Bellas Artes de Bilbao (29 de mayo - 20 de octubre de 2019) | ||
| 600 |
_aZuloaga, Ignacio, _d1870-1945 _vExposiciones _928417 |
||
| 600 |
_aZuloaga, Ignacio, _d1870-1945 _vCatálogo _928418 |
||
| 942 |
_2lcc _cB |
||
| 999 |
_c10806 _d10806 |
||